书目信息 |
| 题名: |
现代教育建筑设计
|
|
| 作者: | 韩志军 , 李小军 , 张清亮 著 | |
| 分册: | ||
| 出版信息: | 北京 中国建筑工业出版社 2025.05 |
|
| 页数: | 201页 | |
| 开本: | 26cm | |
| 丛书名: | ||
| 单 册: | ||
| 中图分类: | TU244 | |
| 科图分类: | ||
| 主题词: | 教育建筑--jiao yu jian zhu--建筑设计--作品集--中国--现代 | |
| 电子资源: | ||
| ISBN: | 978-7-112-31027-2 | |
| 000 | 01677nam0 2200277 450 | |
| 001 | 89301 | |
| 005 | 20250814103635.32 | |
| 010 | @a978-7-112-31027-2@dCNY128.00 | |
| 100 | @a20250527d2025 em y0chiy50 ea | |
| 101 | 0 | @achi |
| 102 | @aCN@b110000 | |
| 105 | @aa z 000yy | |
| 106 | @ar | |
| 200 | 1 | @a现代教育建筑设计@Axian dai jiao yu jian zhu she ji@e中铁建安工程设计院有限公司设计纪实@f韩志军, 李小军, 张清亮著 |
| 210 | @a北京@c中国建筑工业出版社@d2025.05 | |
| 215 | @a201页@c图 (部分彩图)@d26cm | |
| 314 | @a韩志军, 石家庄铁道大学高级工程师, 现任中铁建安工程设计院有限公司常务副总经理。多年来, 主持及参与国家教育部、住房和城乡建设厅等多项课题, 荣获住房和城乡建设部绿色创新奖二等奖、河北省住房和城乡建设厅科技进步奖一等奖、河北省科技进步三等奖。李小军, 高级工程师, 中铁建安工程设计院有限公司总经理, 集团公司优秀党员。曾主持及参与多项专业科研课题, 发表多篇科研论文, 参编图集、规范等多部, 获省市专业奖多项。张清亮, 高级工程师, 国家一级注册建筑师, 中铁建安工程设计院有限公司副总经理、总经理助理。先后获集团公司经济技术创新先进个人、先进工作者。曾参编图集、规范等多部, 荣获省市设计奖多项。 | |
| 330 | @a本书主要分为大学篇 ; 中学篇 ; 小学篇 ; 幼儿园篇。具体内容包括: 石家庄铁道大学龙山校区一期工程 ; 石家庄铁道大学基础教学楼 ; 石家庄铁道大学科技实验楼等。 | |
| 517 | 1 | @a中铁建安工程设计院有限公司设计纪实@Azhong tie jian an gong cheng she ji yuan you xian gong si she ji ji shi |
| 606 | 0 | @a教育建筑@Ajiao yu jian zhu@x建筑设计@x作品集@y中国@z现代 |
| 690 | @aTU244@v5 | |
| 701 | 0 | @a韩志军@Ahan zhi jun@4著 |
| 701 | 0 | @a李小军@Ali xiao jun@4著 |
| 701 | 0 | @a张清亮@Azhang qing liang@4著 |
| 801 | 0 | @aCN@c20250909 |
| 905 | @a河南城建学院图书馆@dTU244@eH102@f1 | |
| 现代教育建筑设计:中铁建安工程设计院有限公司设计纪实/韩志军, 李小军, 张清亮著.-北京:中国建筑工业出版社,2025.05 |
| 201页:图 (部分彩图);26cm |
| ISBN 978-7-112-31027-2:CNY128.00 |
| 本书主要分为大学篇 ; 中学篇 ; 小学篇 ; 幼儿园篇。具体内容包括: 石家庄铁道大学龙山校区一期工程 ; 石家庄铁道大学基础教学楼 ; 石家庄铁道大学科技实验楼等。 |
| ● |
| 相关链接 |
|
|
|
正题名:现代教育建筑设计
索取号:TU244/H102
 
预约/预借
| 序号 | 登录号 | 条形码 | 馆藏地/架位号 | 状态 | 备注 |
| 1 | 1623263 | 216232636 | 建筑库101/101建筑库 68排6列1层/ [索取号:TU244/H102] | 在馆 |